| 000 | 01365cam a2200385 i 4500 | ||
|---|---|---|---|
| 999 |
_c10408 _d10408 |
||
| 001 | 20584009 | ||
| 003 | GBCCL | ||
| 005 | 20241126110731.0 | ||
| 007 | cr_||||||||||| | ||
| 008 | 180714s2018 ilu ob 001 0 eng | ||
| 010 | _a 2018033743 | ||
| 020 | _a9781433514586 (pdf) | ||
| 020 | _a9781433514593 (mobi) | ||
| 020 | _a9781433524530 ( epub) | ||
| 020 | _z9781433514579 (hc) | ||
| 040 |
_aDLC _beng _erda _cDLC _dDLC |
||
| 042 | _apcc | ||
| 050 | 0 | 0 | _aBS1335.53 |
| 082 | 0 | 0 |
_a220.7 _a222.5307 _223 _bPRE |
| 100 | 1 |
_aWoodhouse, John, _d1949- _eauthor. _918086 |
|
| 245 | 1 | 0 |
_a1 Kings : _bpower, politics, and the hope of the world / _cJohn Woodhouse. |
| 264 | 1 |
_aWheaton, Illinois : _bCrossway, _c[2018] |
|
| 300 | _a1 online resource. | ||
| 336 |
_atext _btxt _2rdacontent |
||
| 337 |
_acomputer _bn _2rdamedia |
||
| 338 |
_aonline resource _bnc _2rdacarrier |
||
| 490 | 0 | _aPreaching the word | |
| 504 | _aIncludes bibliographical references and index. | ||
| 588 | _aDescription based on print version record and CIP data provided by publisher. | ||
| 630 | 0 | 0 |
_aBible. _pKings,1st _vCommentaries.. _918087 |
| 776 | 0 | 8 |
_iPrint version: _aWoodhouse, John, 1949- author. _t1 Kings _dWheaton : Crossway, 2018 _z9781433514579 _w(DLC) 2018021947 |
| 906 |
_a7 _bcbc _corigcop _d1 _eecip _f20 _gy-gencatlg |
||
| 942 |
_2ddc _cREF |
||